[Event "CZE-ch U14 Girls"]
[Site "Kouty nad Desnou"]
[Date "2024.03.15"]
[Round "8"]
[White "Barteckova, Nikol"]
[Black "Slivova, Linda"]
[Result "0-1"]
[WhiteElo "1612"]
[BlackElo "1824"]
[PlyCount "86"]
[EventDate "2024.03.09"]
[EventType "swiss"]
[EventRounds "9"]
[EventCountry "CZE"]
[SourceTitle "CB12_2024"]
[SourceDate "2023.10.01"]
[SourceVersion "1"]
[SourceVersionDate "2023.10.01"]
[SourceQuality "1"]

1. e4 d5 2. exd5 Qxd5 3. Nc3 Qd6 4. d4 Nf6 5. h3 c6 6. Nf3 Bf5 7. Bc4 e6 8. 0-0 Nbd7 9. Re1 Be7 10. Bd2 0-0 11. Qc1 Nb6 12. Bb3 Nbd5 13. Nh4 Bg6 14. Nxg6 hxg6 15. Nxd5 cxd5 16. c3 b5 17. a3 a5 18. Bf4 Qb6 19. Qe3 b4 20. Reb1 Rfc8 21. f3 Bd6 22. Bxd6 Qxd6 23. axb4 axb4 24. Qe1 Rxa1 25. Rxa1 bxc3 26. bxc3 Qb6 27. Ra3 Ne8 28. Qa1 Nc7 29. Bc2 Nb5 30. Ra8 Qb7 31. Rxc8+ Qxc8 32. Kf2 Qxc3 33. Qxc3 Nxc3 34. Ke3 Nb5 35. h4 Kf8 36. f4 Ke7 37. Ba4 Nd6 38. Bb3 Nf5+ 39. Kd3 Nxh4 40. g4 Ng2 41. Bc2 Nxf4+ 42. Ke3 g5 43. Kf3 Kd6 0-1

[Event "Ricany op"]
[Site "Ricany"]
[Date "2023.08.27"]
[Round "3"]
[White "Slivova, Linda"]
[Black "Siles, Jan"]
[Result "0-1"]
[WhiteElo "1586"]
[BlackElo "1869"]
[PlyCount "98"]
[EventDate "2023.08.26"]
[EventType "swiss"]
[EventRounds "9"]
[EventCountry "CZE"]
[SourceTitle "EXT 2024"]
[Source "ChessBase"]
[SourceDate "2023.10.10"]
[SourceVersion "1"]
[SourceVersionDate "2023.10.10"]
[SourceQuality "1"]

1. d4 d5 2. Bf4 Nf6 3. Nf3 c5 4. e3 Nc6 5. c3 Qb6 6. Qc1 g6 7. Bd3 Bg7 8. Nbd2 0-0 9. Ne5 Nd7 10. Ndf3 Ndxe5 11. Nxe5 Nxe5 12. Bxe5 Bxe5 13. dxe5 Be6 14. 0-0 Rfd8 15. Kh1 d4 16. exd4 cxd4 17. c4 Rac8 18. b3 Qc6 19. Qb2 Qd7 20. Rad1 b5 21. cxb5 Rc3 22. Qe2 Bf5 23. Bxf5 Qxf5 24. Rc1 Rdc8 25. Rxc3 Rxc3 26. h3 Rc2 27. Qf3 Qxe5 28. Qd3 Rc3 29. Qd2 Qxb5 30. Rd1 e5 31. f4 f6 32. fxe5 fxe5 33. Qg5 Qd5 34. Re1 Rxh3+ 35. Kg1 Rh5 36. Qe7 Rf5 37. Qxa7 e4 38. Rc1 Rf7 39. Rc8+ Kg7 40. Rc7 Rxc7 41. Qxc7+ Kf6 42. Qf4+ Ke6 43. Qc7 d3 44. Qc8+ Ke5 45. Qh8+ Kf5 46. Qc8+ Kg5 47. Qh3 d2 48. Qe3+ Kf5 49. Qh3+ Ke5 0-1

[Event "CZE-ch U14 Girls"]
[Site "Teplice"]
[Date "2023.03.12"]
[Round "2"]
[White "Vaclavkova, Klara"]
[Black "Slivova, Linda"]
[Result "1/2-1/2"]
[WhiteElo "1120"]
[BlackElo "1474"]
[PlyCount "122"]
[EventDate "2023.03.11"]
[EventType "swiss"]
[EventRounds "9"]
[EventCountry "CZE"]
[SourceTitle "CBM 213 Extra"]
[Source "ChessBase"]
[SourceDate "2023.05.31"]
[SourceVersion "1"]
[SourceVersionDate "2023.05.31"]
[SourceQuality "1"]

1. d4 d5 2. c4 c6 3. Nf3 Nf6 4. Nc3 e6 5. e3 Nbd7 6. Bd3 dxc4 7. Bxc4 b5 8. Bd3 Bb7 9. e4 b4 10. Ne2 c5 11. e5 Nd5 12. Bb5 a6 13. Ba4 Be7 14. 0-0 0-0 15. Qd3 N7b6 16. Bc2 g6 17. Bh6 c4 18. Qd2 Re8 19. Ng5 Bf8 20. Ne4 f5 21. Bg5 Be7 22. Bxe7 Qxe7 23. Nd6 Red8 24. Nf4 Nxf4 25. Qxf4 Bd5 26. b3 c3 27. a3 bxa3 28. Rxa3 Nc8 29. Bd3 Nxd6 30. exd6 Qxd6 31. Qxd6 Rxd6 32. Rc1 Rc6 33. h3 Rb8 34. Rxa6 Rxa6 35. Bxa6 Rxb3 36. Bd3 Kf7 37. Kf1 Ke7 38. g3 Kd6 39. Ke2 Rb2+ 40. Ke1 Rb3 41. Bc2 Rb7 42. Ke2 Rb2 43. Kd3 Be4+ 44. Kxc3 Rxc2+ 45. Rxc2 Bxc2 46. Kxc2 Kd5 47. Kd3 e5 48. dxe5 Kxe5 49. Ke3 g5 50. h4 gxh4 51. gxh4 f4+ 52. Kf3 Kf5 53. h5 h6 54. Kg2 Kg4 55. f3+ Kxh5 56. Kh3 Kg5 57. Kg2 Kf5 58. Kh3 Kg5 59. Kg2 Kh4 60. Kh2 Kg5 61. Kh3 Kh5 1/2-1/2

[Event "CZE-ch U12"]
[Site "Herlikovice"]
[Date "2021.10.25"]
[Round "3"]
[White "Slivova, Linda"]
[Black "Martirosyan, David"]
[Result "1/2-1/2"]
[WhiteElo "1257"]
[BlackElo "1700"]
[PlyCount "76"]
[EventDate "2021.10.23"]
[EventType "swiss"]
[EventRounds "9"]
[EventCountry "CZE"]
[SourceTitle "EXT 2023"]
[Source "ChessBase"]
[SourceDate "2022.10.05"]
[SourceVersion "1"]
[SourceVersionDate "2022.10.05"]
[SourceQuality "1"]

1. Nf3 Nf6 2. g3 g6 3. Bg2 Bg7 4. d3 d5 5. Nbd2 0-0 6. 0-0 Re8 7. e4 e5 8. Re1 c6 9. Qe2 Nbd7 10. Nf1 b6 11. Bg5 Bb7 12. N3d2 h6 13. Bxf6 Nxf6 14. f3 Qd7 15. Rad1 Rad8 16. Nb3 Qc7 17. Qf2 dxe4 18. dxe4 c5 19. Ne3 Bc6 20. Nc1 Nh7 21. Ne2 Rxd1 22. Rxd1 Rd8 23. Qe1 Rd6 24. Nc3 Qd7 25. Rxd6 Qxd6 26. Ncd5 Nf6 27. c4 Bxd5 28. Nxd5 Nxd5 29. cxd5 f5 30. Bf1 h5 31. Qd2 fxe4 32. fxe4 Kh7 33. h4 Bh6 34. Qf2 Kg7 35. Bb5 Qe7 36. Kg2 g5 37. hxg5 Bxg5 38. Qf5 Kh6 1/2-1/2

[Event "CZE-ch U10 Girls"]
[Site "Kouty nad Desnou"]
[Date "2020.03.09"]
[Round "4"]
[White "Janouskova, Eliska"]
[Black "Slivova, Linda"]
[Result "0-1"]
[WhiteElo "1099"]
[BlackElo "1208"]
[PlyCount "112"]
[EventDate "2020.03.07"]
[EventType "swiss"]
[EventRounds "7"]
[EventCountry "CZE"]
[SourceTitle "CBM 195 Extra"]
[Source "ChessBase"]
[SourceDate "2020.05.31"]
[SourceVersion "1"]
[SourceVersionDate "2020.05.31"]
[SourceQuality "1"]

1. e4 c6 2. Nf3 d5 3. Nc3 dxe4 4. Nxe4 Nd7 5. Bc4 Ngf6 6. d3 Nxe4 7. dxe4 e6 8. Bf4 Be7 9. Qd4 0-0 10. 0-0 Bc5 11. Qc3 Re8 12. Rad1 Qb6 13. Nh4 Nf6 14. Qg3 Nh5 15. Qg5 Nxf4 16. Qxf4 Rd8 17. Qg5 Rd7 18. Rd3 Be7 19. Qg4 Rxd3 20. Bxd3 Qxb2 21. a4 Qf6 22. Nf3 e5 23. Qg3 Bd6 24. Re1 b6 25. Re3 Bb7 26. Ng5 h6 27. Nh3 Rd8 28. Rf3 Qe6 29. Qh4 Be7 30. Qh5 c5 31. g3 Bf6 32. Rf5 g6 33. Qg4 h5 34. Qf3 gxf5 35. Qxh5 fxe4 36. Ng5 Bxg5 37. Qxg5+ Kh7 38. Qxd8 exd3 39. Qxd3+ Kg7 40. Qd8 Qh3 41. Qg5+ Kh7 42. Qh4+ Qxh4 43. gxh4 Bc6 44. Kf1 Bxa4 45. c4 Bb3 46. Kg2 Bxc4 47. Kf3 f5 48. Kg3 a5 49. f4 e4 50. h5 Kh6 51. Kh4 a4 52. h3 a3 53. Kg3 a2 54. Kh4 a1Q 55. Kg3 Qg1+ 56. Kh4 Qf2# 0-1